Job creation and destruction

Salvato in:
Dettagli Bibliografici
Autore principale: Davis, Steven J.
Altri autori: Haltiwanger, John C., Schuh, Scott
Natura: Libro
Lingua:inglese
Pubblicazione: Cambridge MIT Press 1998
Soggetti:
Tags: Aggiungi Tag
Nessun Tag, puoi essere il primo ad aggiungerne!!

MARC

LEADER 00000nam a2200000 4500
001 c116048
005 20221221082805.1
020 |a 0-262-04152-9 
041 0 |a eng 
044 |a US 
245 1 0 |a Job creation and destruction  |c Steven J. Davis, John C. Haltiwanger, Scott Schuh 
264 1 |a Cambridge  |b MIT Press  |c 1998 
300 |a 260 s. 
610 2 0 |a príležitosť pracovná 
610 2 0 |a zrušenie podniku 
610 2 0 |a trh práce 
610 2 0 |a cykly hospodárske 
610 2 0 |a cykly obchodné 
610 2 0 |a štúdie časové 
610 2 0 |a podnikanie obchodné 
610 2 0 |a povolania 
610 2 0 |a USA 
100 1 |a Davis, Steven J. 
700 1 |a Haltiwanger, John C. 
700 1 |a Schuh, Scott